00670 2200241 4500001002100000005001700021008004100038020001800079035002400097090001800121100002100139245009000160250001100250260004100261300002400302650001600326700002000342850001500362980001500377985000600392999001500398999001500413YOGYA-0209000003627420090227025114.0 ind  a979-444-080-9 0010-020900000036274 a920bPra AlT aPrakuso, Bambang aAgenda dan BHbjurus paten mengisi diarycBambang Prakuso ; ilustrasi, Selo Sumarsono aCet. 1 aJakartabPustaka Utama Grafitic1989 a94 hlmbilusc18 cm aBuku harian aSumarsono, Selo aYOPDYOG(B) a11-06-2006 a2 a93P0039772 a93P0039773